| 000 | 00341nam a22001457a 4500 | ||
|---|---|---|---|
| 020 | _a81-8204-059-0 | ||
| 082 |
_a657.84 _bSIN |
||
| 100 | _aSINGH, SHALENDRA | ||
| 245 | _aWRITEN COMMUNICATION | ||
| 260 |
_aDELHI _bAMAN PUBLISHER _c2010 |
||
| 300 | _a306 | ||
| 650 | _a MANAGEMENT COMMUNICATION | ||
| 653 | _aCOMMUNICATION | ||
| 942 |
_2ddc _cBK |
||
| 999 |
_c8083 _d8083 |
||